| 000 | 03422cas a2200433 4500 | ||
|---|---|---|---|
| 001 | 11194471 | ||
| 005 | 20250915104058.0 | ||
| 008 | 751022c19759999iauqr p gv 0 a0eng c | ||
| 010 | _a 75649413 | ||
| 016 | 7 |
_a100972797 _2DNLM |
|
| 016 | 7 |
_a010488924 _2Uk |
|
| 022 | 0 |
_a0360-795X _l0360-795X _21 |
|
| 035 | _a11194471 | ||
| 035 | _a(OCoLC)1723653 | ||
| 037 | _bUniversity of Iowa, College of Law, Iowa City, IA 52242 | ||
| 040 |
_aPIT _beng _cPIT _dNSD _dDLC _dOCL _dNSD _dNST _dAIP _dNSD _dAIP _dNST _dAIP _dDLC _dNSD _dNST _dSYS _dNLM _dOCLCQ _dCUS _dDOS _dNLA _dOCLCQ _dUKMGB _dOCLCF _dOCLCO _dLRP _dOCLCQ _dFJM _dGZM _dOCLCO _dOCL _dCPO _dOCLCQ _dAU@ _dMGSOL _dIL4J6 _dUEJ _dOCLCO _dOCLCQ _dOCLCL _dTXHLS |
||
| 042 |
_ansdp _apcc |
||
| 043 | _an-us--- | ||
| 050 | 0 | 0 |
_aK10 _b.O859 |
| 050 | 1 | 4 |
_aKF1397 _b.J68 |
| 082 | 0 | 4 | _a346/.73/06605 |
| 210 | 0 | _aJ. corp. law | |
| 222 | 4 | _aThe Journal of corporation law | |
| 245 | 0 | 4 | _aThe Journal of corporation law. |
| 246 | 1 | 3 | _aJ. Corp. L |
| 260 |
_a[Iowa City], _b[University of Iowa, College of Law] |
||
| 300 |
_avolumes _c26 cm |
||
| 310 |
_aQuarterly, _b<v. 7-> |
||
| 321 | _aThree no. a year | ||
| 362 | 0 | _av. 1- fall 1975- | |
| 520 | _aIn 1974, a group of enterprising students at The University of Iowa College of Law hit on a new idea: forming a specialty law journal dedicated exclusively to corporate law. A student-run journal of this kind did not exist at the time. A year later, and after tremendous support—financial and otherwise—from Father David C. Bayne of the law school’s faculty, the first issue of The Journal of Corporation Law (JCL) rolled off the presses. Former faculty advisor Randall S. Thomas writes the following about JCL’s early years: An extended period of strong development of JCL followed. Dean Hines recalls that, “the Board had ambition, and the journal grew and established a niche.” Not long after JCL’s inception, it “had established a place within the Law School and competed with the Law Review for students.” Early success matured into lasting contributions to the corporate law field. Two of the most prominent examples include an article entitled Challenges to Executive Compensation: For the Market of Courts? by Professor Detlev Vagts of the Harvard Law School, an article on which an entire scholarly field on executive compensation was built. Several years later, JCL’s 1991 symposium volume on proxy voting reform had a material influence on the SEC’s 1992 proxy reform rules, according to SEC staffers. JCL continues to publish scholarship on the bleeding edge of corporate law. Recent articles touch on everything from blockchain-enabled governance to the emerging discourse around which constituencies a corporation ought to serve. It remains one of the highest ranked corporate law journals in the U.S., according to W&L Law Journal Rankings. And it remains committed to the broad and adventurous scholarly scope established by its past editors and contributors. | ||
| 650 | 0 |
_aCorporation law _zUnited States _vPeriodicals. |
|
| 655 | 0 |
_aLaw reviews. _925870 |
|
| 655 | 0 |
_aPeriodicals _923543 |
|
| 710 |
_aUniversity of Iowa. _bCollege of Law. |
||
| 776 | 0 | 8 |
_iOnline version: _tJournal of corporation law (Online) _w(DLC) 2007228685 _w(OCoLC)42997780 |
| 856 | _uhttps://bibliotheque.tbs-education.fr/Default/doc/PUBFINDER/edp39909/journal-of-corporation-law | ||
| 942 | _2lcc | ||
| 999 |
_c4940 _d4940 |
||